Marvel & X-Men AFL Team - Statistics

General Stats
  • This quiz has been taken 22 times
  • The average score is 16 of 24
Answer Stats
Position First Movie/Show Character % Correct
B The Incredible Hulk Hulk
100%
Foll (Ruck) Ant-Man Ant-Man
95%
HF Black Panther Black Panther
95%
HB Iron Man Iron Man
95%
F Captain America Civil War Spider-Man
95%
B Thor Thor
95%
C Doctor Strange Doctor Strange
90%
C Venom Venom
90%
HF Captain America Captain America
85%
Coach X-men Professor X
85%
HF Thor Loki
80%
Foll (Ruck-Rover) X-men Wolverine
80%
B Avengers Infinity War Thanos
75%
I/C Daredevil Daredevil
70%
HB Iron-man 2 Black Widow
65%
C Avengers Age of Ultron Vision
65%
Sub X-Men Magneto
50%
I/C X-Men Nightcrawler
45%
F Captain America The Winter Solider Bucky Barnes
40%
HB Deadpool Juggernaut
30%
F X-men Mystique
30%
I/C Deadpool 2 Domino
10%
Foll (Rover) X-men Days of Future Past Quicksliver
5%
I/C Fantastic 4 Sliver Surfer
0%
No matching quizzes found
Score Distribution
Percent of People with Each Score
Percentile by Number Answered
Your Score History
You have not taken this quiz